Land vs. Land #156 - Statistiken

Allgemein
  • Dieses Quiz wurde 22 mal gespielt
  • Das Durchschnittsergebnis liegt bei 10 aus 14
Antwortstatistiken
Frage Antwort % Korrekt
...Einwohner? Frankreich🇫🇷
100%
...Fläche? Frankreich🇫🇷
95%
...Bruttoinlandsprodukt? Frankreich🇫🇷
95%
...Militär? Frankreich🇫🇷
95%
...Tourismus? Frankreich🇫🇷
95%
...Happy Planet Index? Irland🇮🇪
95%
...Exportmengen? Frankreich🇫🇷
89%
...Frieden? Irland🇮🇪
79%
...Bruttoinlandsprodukt pro Kopf? Irland🇮🇪
63%
...Gesundheitswesen? Irland🇮🇪
63%
...HDI (Human Development Index)? Irland🇮🇪
58%
...Lebenserwartung? Irland🇮🇪
58%
...durchschnittlicher IQ? Irland🇮🇪
58%
...Gewinner? Irland🇮🇪
5%
Keine übereinstimmenden Quizze gefunden
Verteilung der Resultate
Anzahl Personen mit jedem Resultat
Perzentil nach korrekt beantworteten Fragen
Ihre Resultats-Entwicklung
Sie haben dieses Quiz noch nicht gespielt